Constitución política de la República de Chile, promulgada el 25 de Mayo de 1833
Saved in:
| Format: | Bog |
|---|---|
| Sprog: | spansk |
| Udgivet: |
Santiago
Imprenta La Unión
1934
|
| Fag: | |
| Tags: |
Tilføj Tag
Ingen Tags, Vær først til at tagge denne postø!
|
MARC
| LEADER | 00000nam a2200000 a 4500 | ||
|---|---|---|---|
| 001 | UCW6994 | ||
| 003 | CL-VaPUC | ||
| 008 | 920807e19340000CL |||||||||||||||||spa|d | ||
| 082 | 0 | 4 | |a 342.83 |b CON |2 21 |
| 245 | 1 | 0 | |a Constitución política de la República de Chile, promulgada el 25 de Mayo de 1833 |
| 300 | |a 411 p | ||
| 942 | |c BK | ||
| 945 | |d 19920807 00:00:00 | ||
| 260 | |a Santiago |b Imprenta La Unión |c 1934 | ||
| 650 | 7 | |a CONSTITUCION 1833 |2 CL-VaPUC |9 312090 | |
| 651 | 7 | |a CHILE |2 CL-VaPUC |9 312091 | |
| 583 | |a last modification |c 20121012 12:59:32 |k Rodrigo Vera | ||
| 999 | |c 219885 |d 219883 | ||
| 952 | |0 0 |1 0 |4 0 |6 342_830000000000000_CON_1934 |7 0 |8 P |9 211382 |a BIBEDU |b BIBEDU |c BIBEDU_PB |d 2019-11-15 |i 2795701 |o 342.83 CON 1934 |p 2795701 |r 2024-01-25 |w 2019-11-15 |y BK |k EDU | ||